| 000 | 00365nam a2200121Ia 4500 | ||
|---|---|---|---|
| 008 | 210430s9999 xx 000 0 und d | ||
| 082 | _a621.88 M5781 G | ||
| 100 | _aRobert W.Messler | ||
| 245 |
_aJoining of Materials and Structures from Process to Enabling Technology _cRobert W.Messler |
||
| 260 |
_aAmerica _bMessler _c2004 |
||
| 300 | _a790 p | ||
| 942 |
_cBK _2ddc |
||
| 999 |
_c565063 _d565063 |
||